Mountains taller than 8000m - Sudden Death - Statistics

General Stats
  • This quiz has been taken 78 times
  • The average score is 5 of 8
Answers on the Grid
Answers color-coded by a green-red scale on the quiz's grid according to % correct below.
Mt. Blanc
Mt. Everest
Mt. K2
Mt. Kilimanjaro
Mt. Denali
Mt. Lhotse
Mt. Annapurna I
Mt. Fuji
Mt. Nanga Parbat
Mt. Annapurna II
Mt. Kangchenjunga
Mt. Matterhorn
Mt. Nanda Devi
Mt. Elbrus
Mt. Kenya
Mt. Chimborazo
Mt. Cho Oyu
Mt. Manaslu
Mt. Aconcagua
 
Answer Stats
Answer % Correct
Mt. Everest
94%
Mt. K2
78%
Mt. Annapurna I
59%
Mt. Lhotse
55%
Mt. Nanga Parbat
53%
Mt. Kangchenjunga
49%
Mt. Cho Oyu
43%
Mt. Manaslu
43%
No matching quizzes found
Score Distribution
Percent of People with Each Score
Percentile by Number Answered
Your Score History
You have not taken this quiz